Popularne numery rap/trap tygodnia 20-26.08.21 Spotify. - Statystyki

Ogólne statystyki
  • Ten quiz został rozwiązany 17 razy
  • Średni wynik to 17 z 30
Statystyki odpowiedzi
Wykonawca Odsłuchania Utwór % Poprawnych
Kizo 1.33M Disney
93%
Young Leosia, Żabson 1.42M Jungle Girl
93%
Ekipa, Jacuś 542K Zygzak
93%
Sobel 622K Bandyta
86%
Mata, White 2115 1.10M La la la (oh oh)
86%
SKUTE BOBO 494K SKUTE BOBO
86%
OIO 523K Amerykańskie Teledyski
79%
Mata 1.57M Kiss cam (podryw roku)
79%
Mata 539K Patoreakcja
79%
Young Leosia 438K Szklanki
79%
OIO 488K Worki W Tłum
79%
Sobel 705K Fiołkowe Pole
71%
Guzior, Oskar83 431K FALA
64%
Kizo, Wac Toja 617K Nasze lato
64%
Żabson, Kizo, ZetHa 926K Puerto Bounce
64%
Guzior 467K BLUEBERRY
57%
Zdechły Osa 728K Patolove
57%
Wiatr, Sobel, be vis 419K Testarossa
57%
Smolasty 1.08M Duże Oczy
50%
Sobel 396K Kinol
50%
OIO 471K Przypadkiem
50%
Sobel 412K Impreza
43%
Chivas, White 2115 481K Mam Na Twarzy Krew I Tym Razem Nie Jest Sztuczna
43%
White 2115 393K Booker (baw się)
29%
Magiera, Sobel 885K Drobna zabawa
29%
Jacuś 631K Queen
29%
Malik Montana 514K Glosy w Glowie
21%
Kizo 642K Król balu
21%
Reto 429K Kingda Ka
14%
Arne 393K Poranna Rosa
0%
Nie znaleziono quizów pasujących do podanych kryteriów
Rozkład punktacji
Procent ludzi z każdym wynikiem
Percentyl według liczby udzielonych odpowiedzi
Twoja historia wyników
Nie rozwiązałeś tego quizu